Sports Quiz

Random Sports or Europe Quiz

UEFA countries Quiz Stats

 Plays Quiz not verified by Sporcle

Challenge
Share
Tweet
Embed
Score 0/53 Timer 07:00
0 Plays Today
Rank Country % Correct
5England
98.4%
1Spain
97.9%
2Germany
97.5%
4Italy
97.5%
8France
96.7%
7Portugal
96.3%
25Republic of Ireland
96.3%
3Netherlands
95.1%
9Russia
95.1%
10Greece
95.1%
12Sweden
95.1%
16Denmark
94.2%
26Scotland
94.2%
36Wales
93.8%
22Finland
93%
23Poland
92.6%
24Norway
92.6%
13Switzerland
92.2%
6Croatia
91.4%
14Serbia
91.4%
35Belgium
91.4%
44Iceland
91.4%
15Turkey
90.9%
19Ukraine
90.9%
28Austria
90.9%
11Czech Republic
90.1%
17Slovakia
90.1%
Rank Country % Correct
30Slovenia
90.1%
53San Marino
89.7%
31Latvia
89.3%
41Estonia
89.3%
27Northern Ireland
88.9%
29Bosnia and Herzegovina
88.9%
33Lithuania
88.1%
18Romania
87.2%
52Andorra
86.8%
34Belarus
86%
49Luxembourg
84.8%
21Bulgaria
84.4%
38Cyprus
84.4%
39Montenegro
84.4%
32Hungary
84%
50Malta
84%
40Albania
82.7%
37FYR Macedonia
80.7%
42Georgia
80.2%
43Moldova
80.2%
47Liechtenstein
79.8%
20Israel
78.2%
48Azerbaijan
76.5%
45Armenia
75.7%
46Kazakhstan
72.4%
51Faroe Islands
67.1%

You're not logged in!

Compare scores with friends on all Sporcle quizzes.
OR
Log In

You Might Also Like...

Show Comments

Extras

Top Quizzes Today


Score Distribution

Your Account Isn't Verified!

In order to create a playlist on Sporcle, you need to verify the email address you used during registration. Go to your Sporcle Settings to finish the process.

Report this User

Report this user for behavior that violates our Community Guidelines.

Details: